| 000 | 01021naa a2200193 i 4500 | ||
|---|---|---|---|
| 001 | 4 | ||
| 003 | KOSZ 005 | ||
| 005 | 20180201135612.0 | ||
| 008 | 151107s1999 us a f |100 | eng d | ||
| 040 |
_cBPK _dKOSZ 005/HR |
||
| 041 | _aeng | ||
| 044 | _aUSA | ||
| 100 | 1 |
_aSUSZYŃSKI, Zbigniew. _d1996 - . _bPolitechnika Koszalińska - Wydział Elektroniki, _cKatedra Elektroniki Ciała Stałego |
|
| 245 | 1 | 0 |
_aThermal model based on the electrical analogy of the thermal processes / _cZbigniew Suszyński. |
| 500 | _abibliografia załącznikowa (Informator o publikowanych wynikach prac naukowo-badawczych w 2002 roku Wydziału Elektroniki). | ||
| 773 | 0 |
_iW : _tPhotoacoustic and photothermal phenomena : 10th international conference, Rome, Italy August 23-27, 1998. - _dWoodbury : American Institute of Physics, 1999. - _gs. 197-199 _kAIP Conference Proceedings ; 463 _z9781563968051 |
|
| 711 | 2 | 2 |
_aInternational Conference on Photoacoustic and Photothermal Phenomena _n(10 ; _d1998 ; _cRzym, Włochy) |
| 942 |
_cROZ _2UKD |
||
| 999 |
_c4 _d4 |
||